LEADER 01424nam--2200421---450- 001 990000742160203316 005 20050704100808.0 010 $a0-521-23094-2 035 $a0074216 035 $aUSA010074216 035 $a(ALEPH)000074216USA01 035 $a0074216 100 $a20011114d1989----km-y0itay0103----ba 101 $aeng 102 $aGB 105 $a||||||||001yy 200 1 $aFamily time and industrial time$ethe relationship between the family and work in a New England industrial community$fTamara K. Kareven 210 $aCambridge$cCambridge University$d1989 215 $aXVIII, 474 p$d24 cm 225 2 $aInterdisciplinary perspectives on modern history 410 $12001$aInterdisciplinary perspectives on modern history 606 0 $aLavoratori tessili$yManchester$xStoria 606 0 $aFamiglia$yManchester$xStoria 676 $a305.56 700 1$aKAREVEN,$bTamara K.$0549798 801 0$aIT$bsalbc$gISBD 912 $a990000742160203316 951 $aII.5. 3157(II i B 1472)$b114664 LM$cII i B 959 $aBK 969 $aUMA 979 $aPATTY$b90$c20011114$lUSA01$h1344 979 $aPATTY$b90$c20011114$lUSA01$h1344 979 $aPATTY$b90$c20011114$lUSA01$h1345 979 $c20020403$lUSA01$h1722 979 $aPATRY$b90$c20040406$lUSA01$h1651 979 $aCOPAT5$b90$c20050704$lUSA01$h1008 996 $aFamily time and industrial time$9963511 997 $aUNISA LEADER 01795nas 2200541-a 450 001 9910171041703321 005 20260127110551.0 011 $a1826-7203 035 $a(CKB)110978979595585 035 $a(CONSER)---91648690- 035 $a(DE-599)ZDB2215762-1 035 $a(DE-599)2215762-1 035 $a(EXLCZ)99110978979595585 100 $a19910926a19889999 --- b 101 0 $aita 181 $ctxt$2rdacontent 182 $cc$2rdamedia 183 $acr$2rdacarrier 200 00$aStoria e problemi contemporanei 210 $aUrbino $cIl lavoro editoriale$d1988- 210 31$aBologna :$cEditrice CLUEB 215 $a1 online resource 300 $aVols. for <1993- > have distinctive titles. 311 08$aPrint version: Storia e problemi contemporanei. 1120-4206 (DLC) 91648690 (OCoLC)24458500 517 1 $aStoria e problemi 517 1 $aS & P 531 1 $aStor. probl. contemp. 606 $aAnti-fascist movements$zItaly$vPeriodicals 606 $aSocialism$zItaly$vPeriodicals 606 $aAnti-fascist movements$2fast$3(OCoLC)fst00810329 606 $aSocial conditions$2fast$3(OCoLC)fst01919811 606 $aSocialism$2fast$3(OCoLC)fst01123637 607 $aMarche (Italy)$xSocial conditions$vPeriodicals 607 $aItaly$2fast 607 $aItaly$zMarche$2fast 608 $aPeriodicals.$2fast 615 0$aAnti-fascist movements 615 0$aSocialism 615 7$aAnti-fascist movements. 615 7$aSocial conditions. 615 7$aSocialism. 676 $a306/.0945 712 02$aIstituto regionale per la storia del movimento di liberazione nelle Marche. 906 $aJOURNAL 912 $a9910171041703321 920 $aexl_impl conversion 996 $aStoria e problemi contemporanei$9894140 997 $aUNINA